000 00332nam a22001217a 4500
999 _c18601
_d18601
008 201112b xxu||||| |||| 00| 0 eng d
020 _a1974620494
050 _aBS1140.2
_b.G73 c.1
245 _aOld Testament Survey
_bTents, Temples and Palaces
300 _a296p.
710 _aGrace Bible College and Seminary
942 _2lcc
_cBK